| 000 | 00700nam a2200241I 4500 | ||
|---|---|---|---|
| 001 | 17253 | ||
| 003 | BD-RjUL | ||
| 005 | 20211209000118.0 | ||
| 008 | 140216r19481945 eng u | ||
| 035 | _a(BD-RjUL)17311 | ||
| 040 |
_cCIN _dBOS _dBD-RjUL _aBD-RjUL _beng |
||
| 041 | _aeng | ||
| 082 |
_a808.02 _bELF |
||
| 090 |
_aPN1623 _b.F48 |
||
| 100 | 1 |
_aEllis-Fermor, Una Mary, _d1894-1958. _952116 |
|
| 245 | 1 | 4 |
_aThe frontiers of drama / _c Una Ellis-Fermor. |
| 250 | _a3d ed. | ||
| 260 |
_aLondon : _bMethuen, _c1945 [reprinted 1948] |
||
| 300 |
_avii, 154 p. ; _c19 cm. |
||
| 504 | _aIncludes bibliographical references. | ||
| 650 | 0 |
_aDrama _xHistory and criticism. _953196 |
|
| 942 |
_2ddc _cBK |
||
| 999 |
_c17253 _d17253 |
||